000
00227nam a2200097Ia 4500
008
230915s9999 xx 000 0 und d
050
_a
HF5635.H863 2009
100
_a
Hoyle, Joe B.
245
0
_a
Advanced Accounting
942
_c
BK
999
_c
82090
_d
82090